| 000 | 00971cam a2200205 4500 | ||
|---|---|---|---|
| 001 | ABS63815 | ||
| 008 | 000000n2001 000 0 eng u | ||
| 035 | _a(Sirsi) u112114 | ||
| 100 | _aDalziel, R. | ||
| 245 | _aConstruction news | ||
| 260 | _c2001 | ||
| 490 |
_aPrivate Finance Initiative Journal _v6(1) March/April 2001, 74-76(3) |
||
| 520 | _aReviews the work of Teamwork 2000 set up in April 2000 by Paul Fletcher which aimed to show how collaborative working in the construction industry could work successfully. It has been succeeded by Teamwork 2001 which is to investigate building performance, buildabiity and the integration of special contractors. A Live Week 2001 is planned for June 2001 including webconferences for non-members. For further details see http://www.team-work.org.uk | ||
| 590 | _aABS | ||
| 650 | _aTEAMWORK | ||
| 650 | _aCONSTRUCTION INDUSTRY | ||
| 650 | _aDEMONSTRATION PROJECTS | ||
| 690 |
_aProcurement _96260 |
||
| 942 | _n0 | ||
| 999 |
_c66768 _d66768 |
||